000
00281nam a22001337a 4500
008
181205b xxu||||| |||| 00| 0 eng d
020
_a
041
_a
eng
080
_a
721
100
_a
41
101
_a
NDE
245
_a
Bridges A Project Book
_c
Gregor,S.M
942
_2
udc
_c
BK
999
_c
52836
_d
52836